000 01338cam a22003011 4500
001 gs 53000214
003 DLC
005 20260227111400.0
008 860123s1953 dcuabf b 000 0 eng c
010 _ags 53000214
035 _a(OCoLC)13050248
040 _aU.S. Geol. Survey. Libr.
_cTxHR
_dOCoLC
_dDLC
042 _apremarc
050 0 0 _aQE75
_b.C5 no. 238
100 1 _aVisher, F. N.
_q(Frank Newell),
_d1923-
245 1 0 _aGround-water conditions in the soil and moisture conservation demonstration area near Torrington, Goshen County, Wyoming,
_cby F.N. Visher and H.M. Babcock. With a section on the chemical quality of the ground water, by W.H. Durum and R.A. Krieger.
260 _aWashington,
_c1953.
300 _aiv, 51 p.
_billus., maps (2 fold.) diagrs., fold. plate, tables.
_c27 cm.
490 1 _aGeological Survey circular
_v238
500 _aPrepared as part of a program of the Dept. of the Interior for development of the Missouri River basin.
504 _a"References": p. 33.
650 0 _aWater-supply
_zWyoming
_zGoshen County.
650 0 _aGroundwater
_zWyoming
_zGoshen County.
700 1 _aBabcock, H. M.
_q(Horace Maxson),
_d1916-
700 1 _aDurum, W. H.
_q(Walton Henry),
_d1917-
700 1 _aKrieger, Robert A.
_q(Robert Albert),
_d1918-
810 2 _aGeological Survey (U.S.).
_tCircular ;
_v238.
999 _c28763
_d28763